The Truth will Set you Free,But First Piss you off (Record no. 2188)

MARC details
000 -LEADER
fixed length control field 00355nam a22001337a 4500
008 - FIXED-LENGTH DATA ELEMENTS--GENERAL INFORMATION
fixed length control field 250310b |||||||| |||| 00| 0 eng d
020 ## - INTERNATIONAL STANDARD BOOK NUMBER
ISBN 9781760525422
100 ## - MAIN ENTRY--AUTHOR
Author Steinem Gloria
245 ## - TITLE STATEMENT
Title The Truth will Set you Free,But First Piss you off
260 ## - PUBLICATION, DISTRIBUTION, ETC. (IMPRINT)
Place of publication New York
Name of publisher Murdock Books
Date of publication 2019
300 ## - COLLATION
Pagination xxiii,161p
942 ## - ADDED ENTRY ELEMENTS (KOHA)
Item type Books
050 ## - LIBRARY OF CONGRESS CALL NUMBER
Classification number HQ1413
Item number .S67
Holdings
Source of classification or shelving scheme Not for loan Permanent location Current location Date acquired Accession No. Full call number Barcode. Koha item type
Library of Congress Classification   Samuel Ogbemudia Main Library, University of Abuja Samuel Ogbemudia Main Library, University of Abuja 03/10/2025 2024/63702 HQ1413.S67 2025-0424 Books